Métro parisien : Mort subite - Statistiques

Statistiques générales
  • Ce quiz a été pris 740 fois
  • Le résultat moyen est 14 sur 30
Answers on the Grid
Answers color-coded by a green-red scale on the quiz's grid according to % correct below.
Barrière-de-Paris
Bizet
Bolivar
Botanique
Boucicaut
Cambronne
Censier - Daubenton
Charonne
Cordeliers
Corvisart
Croix-Rousse
Debourg
Dupleix
École Militaire
Exelmans
Foch
Gaîté
Glacière
Guy Môquet
Jacques Brel
Jacques Cartier
Jules Joffrin
L'Haÿ-les-Roses
La Rose
La Tour-Maubourg
Laënnec
Lamarck - Caulaincourt
Le Kremlin-Bicêtre
Les Courtilles
Lourmel
Mabilais
Marbrerie
Ménilmontant
Miromesnil
Mouton-Duvernet
National
Pereire
Périer
Quatre-Septembre
Rangueil
Riquet
Sainte-Anne
Saxe - Gambetta
Serge Gainsbourg
Sèvres - Lecourbe
Sully - Morland
Vaneau
Vaugirard
Vennes
Verdun
 
Statistiques - réponses
Réponse % Correct
École Militaire
68%
Glacière
67%
Cambronne
66%
Dupleix
63%
Miromesnil
63%
Charonne
59%
Gaîté
58%
Corvisart
57%
Ménilmontant
54%
Censier - Daubenton
52%
Guy Môquet
51%
Le Kremlin-Bicêtre
51%
La Tour-Maubourg
47%
Boucicaut
46%
Exelmans
46%
Vaugirard
46%
Bolivar
44%
Jules Joffrin
44%
Les Courtilles
43%
Mouton-Duvernet
41%
Sèvres - Lecourbe
41%
Sully - Morland
41%
Lamarck - Caulaincourt
40%
L'Haÿ-les-Roses
40%
Lourmel
40%
Quatre-Septembre
40%
Pereire
35%
Riquet
31%
Vaneau
28%
Serge Gainsbourg
20%
Aucun quiz correspondant
Distribution des résultats
% des personnes avec chaque résultat
Percentile par nombre de réponses
Votre historique - résultats
Vous n’avez pas pris ce quiz